[Event "Pavlodar op"]
[Site "Pavlodar"]
[Date "2014.12.04"]
[Round "5"]
[White "Bimaganov, Ersain"]
[Black "Zykova, Darya"]
[Result "1-0"]
[WhiteElo "1445"]
[BlackElo "1602"]
[PlyCount "69"]
[EventDate "2014.12.01"]
[EventType "swiss"]
[EventRounds "9"]
[EventCountry "KAZ"]
[SourceTitle "EXT 2016"]
[Source "ChessBase"]
[SourceDate "2015.10.08"]
[SourceVersion "1"]
[SourceVersionDate "2015.10.08"]
[SourceQuality "1"]

1. e4 c5 2. Bc4 e6 3. Nc3 Nc6 4. Nf3 Nf6 5. d3 h6 6. h3 Be7 7. Bf4 d5 8. exd5 exd5 9. Bb5 Bd7 10. 0-0 0-0 11. Qd2 Rc8 12. Bxc6 Bxc6 13. Ne5 Re8 14. Nxc6 Rxc6 15. b3 a6 16. a4 Re6 17. Rfe1 Bd6 18. Rxe6 Rxe6 19. Bxd6 Qxd6 20. Re1 Rxe1+ 21. Qxe1 Qe6 22. Qxe6 fxe6 23. f4 d4 24. Ne4 b6 25. Kf2 Nd5 26. g3 Nb4 27. a5 bxa5 28. Nxc5 Kf7 29. Ke2 Nxc2 30. Nxa6 Nb4 31. Nxb4 axb4 32. Kf3 Kf6 33. Ke4 g5 34. fxg5+ Kxg5 35. Kxd4 1-0

[Event "Pavlodar op"]
[Site "Pavlodar"]
[Date "2014.12.02"]
[Round "2"]
[White "Zykova, Darya"]
[Black "Katenov, Aibek"]
[Result "0-1"]
[WhiteElo "1602"]
[BlackElo "1931"]
[PlyCount "35"]
[EventDate "2014.12.01"]
[EventType "swiss"]
[EventRounds "9"]
[EventCountry "KAZ"]
[SourceTitle "EXT 2016"]
[Source "ChessBase"]
[SourceDate "2015.10.08"]
[SourceVersion "1"]
[SourceVersionDate "2015.10.08"]
[SourceQuality "1"]

1. e4 c5 2. Nf3 e6 3. d4 cxd4 4. Nxd4 Nc6 5. Nc3 Qc7 6. Nb3 Be7 7. a3 Nf6 8. Be2 a6 9. 0-0 0-0 10. Be3 b5 11. Qd2 Bb7 12. f3 h6 13. Rfd1 Rfd8 14. Qe1 Ne5 15. Rd2 Rac8 16. Rc1 Nc4 17. Bxc4 bxc4 18. Nd4 0-1